000
00311nam a2200109Ia 4500
008
200302s9999 xx 000 0 und d
100
_a
Gordon E. Cherry
245
_a
Urban Change and Planning A History of Urban Development in Britain Since
260
_b
Gtfoulis & Co. Ltd.
260
_c
1972
300
_a
252 P.,
999
_c
5246
_d
5246